000 00993nam a2200313 i 4500
001 7807
003 KOSZ 005
005 20200805105852.0
008 080303s1967 pl a f 000 0 pol
015 _aPB 1967/8753
040 _aWA N
_cKOSZ 005/RW
_dKOSZ 005/RW
_dKOSZ 005/HR
046 _k1967
080 _a621.74
100 1 _aGierek, Adam
_d(1938- )
_eAutor
245 1 0 _aAutomatyczne linie odlewnicze /
_cAdam Gierek.
260 _aKatowice :
_b"Śląsk",
_c1967.
300 _a136 s. :
_bil. ;
_c23 cm.
380 _aKsiążki.
388 _a1901-2000
504 _aBibliogr. s. 134-136.
521 8 _aDla inżynierów, techników i studentów.
658 _aInżynieria i technika
650 4 _aOdlewnictwo
650 4 _aAutomatyzacja
650 4 _aUrządzenia
710 2 _aWydawnictwo "Śląsk"
_4pbl.
856 _uhttp://koha.tu.koszalin.pl/cgi-bin/koha/opac-detail.pl?biblionumber=7807
_yKatalog online BPK
942 _2UKD
_cKS
999 _c7807
_d7807